| 000 | 02365nam a22002537a 4500 | ||
|---|---|---|---|
| 003 | BJBSDDR | ||
| 005 | 20260512190358.0 | ||
| 006 | a|||||r|||| 00| 0 | ||
| 007 | ta | ||
| 008 | 260512s20252024nyu|||||r|||| 00| 0 eng d | ||
| 020 | _a9780316581509 | ||
| 040 |
_bspa _cBJBSDDR |
||
| 041 | _aeng | ||
| 050 | _bG543r 2025 | ||
| 100 | 1 |
_aGladwell, Malcolm, _d1963- _9162 |
|
| 245 | 1 | 0 |
_aRevenge of the Tipping Point : _bOverstories, Superspreaders, and the Rise of Social Engineering / _cMalcolm Gladwell . |
| 250 | _aFirst Back Bay Books paperback edition | ||
| 260 |
_aNew York : _bBack Bay Books, _c2025 |
||
| 300 |
_axiii, 352 pages : _billustrations (balck & white) ; _c21 cm |
||
| 505 | _aContenidos : Introduction: The passive voice Part One: Three puzzles Casper and C-Dog The trouble with Miami Poplar Grove Part Two: The Social Engineers The magic third The mysterious case of the Harvard women's rugby team Mr. Index and the Marriott outbreak Part Three: The Overstory The L.A. survivor's club Doing time on Maple Drive Part Four: Conclusion Overstories, superspreaders, and group proportions | ||
| 520 | _aWhy is Miami…Miami? What does the heartbreaking fate of the cheetah tell us about the way we raise our children? Why do Ivy League schools care so much about sports? What is the Magic Third, and what does it mean for racial harmony? In this provocative new work, Malcolm Gladwell returns for the first time in twenty-five years to the subject of social epidemics and tipping points, this time with the aim of explaining the dark side of contagious phenomena. Through a series of riveting stories, Gladwell traces the rise of a new and troubling form of social engineering. He takes us to the streets of Los Angeles to meet the world’s most successful bank robbers, rediscovers a forgotten television show from the 1970s that changed the world, visits the site of a historic experiment on a tiny cul-de-sac in northern California, and offers an alternate history of two of the biggest epidemics of our day: COVID and the opioid crisis. Revenge of the Tipping Point is Gladwell’s most personal book yet. With his characteristic mix of storytelling and social science, he offers a guide to making sense of the contagions of modern world. It’s time we took tipping points seriously. | ||
| 942 |
_2lcc _n0 _cBK |
||
| 946 | _illh | ||
| 999 |
_c127077 _d127077 |
||